000 00747nam a2200241Ia 4500
003 OSt
005 20220923223313.0
006 a|||||r|||| 00| 0
007 ta
008 220922b |||||||| |||| 00| 0 hin d
024 _a213,227
037 _cTextual
040 _aARTS
_cARTS
_bhin
041 _2hin
_ahin
082 _aO152,3N29x, M6
100 _aयादव, राजेन्द्र
_9156270
245 0 _aठोल और अपने पार
246 _aṬhol aur apane pāra
260 _aनई दिल्ली
_b अक्षर प्रका0
_c1986
300 _a232पृ.
_ccm.
942 _hO152,3N29x, M6
_cTEXL
_2CC
999 _c363479
_d363479